Wszystkie gry platformowe na N64 - Statystyki

Ogólne statystyki
  • Ten quiz został rozwiązany 6 razy
    4 od ostatniego zresetowania
  • Średni wynik to 11 z 44
Statystyki odpowiedzi
Region Tytuł Gry % Poprawnych
NTSC Super Mario 64
100%
NTSC Toy Story 2: Buzz Lightyear to the Rescue
100%
NTSC Banjo-Kazooie
50%
NTSC Banjo-Tooie
50%
NTSC Bomberman 64
50%
NTSC Chameleon Twist
50%
NTSC Chameleon Twist 2
50%
NTSC Donald Duck: Goin' Quackers
50%
NTSC Donkey Kong 64
50%
NTSC-J Doraemon 2: Nobita to Hikari no Shinden
50%
NTSC-J Doraemon 3: Nobita no Machi SOS!
50%
NTSC-J Doraemon: Nobita to 3 Tsu no Seireiseki
50%
NTSC Gex 3: Deep Cover Gecko
50%
NTSC Gex 64: Enter the Gecko
50%
NTSC Glover
50%
NTSC Rat Attack!
50%
NTSC Shadow Man
50%
NTSC Tarzan
50%
NTSC Yoshi's Story
50%
NTSC A Bug's Life
0%
NTSC Blues Brothers 2000
0%
NTSC Bomberman Hero
0%
NTSC Castlevania
0%
NTSC Castlevania: Legacy of Darkness
0%
NTSC Charlie Blast's Teritory
0%
NTSC Conker's Bad Fur Day
0%
NTSC Duck Dodgers Starring Daffy Duck
0%
NTSC Earthworm Jim 3D
0%
NTSC Goemon's Great Adventure
0%
NTSC Hercules: The Legendary Journeys
0%
NTSC Indiana Jones and the Infernal Machine
0%
NTSC Kirby 64: The Crystal Shards
0%
NTSC Lode Runner 3-D
0%
PAL Looney Tunes: Taz Express
0%
NTSC Mega Man 64
0%
NTSC Mischief Makers
0%
NTSC Mystical Ninja Starring Goemon
0%
NTSC Rayman 2 The Great Escape
0%
NTSC Rocket: Robot on Wheels
0%
NTSC Space Station Silicon Valley
0%
NTSC Spider-Man
0%
NTSC Starshot: Space Circus Fever
0%
NTSC Tigger's Honey Hunt
0%
NTSC Tonic Trouble
0%
Nie znaleziono quizów pasujących do podanych kryteriów
Rozkład punktacji
Procent ludzi z każdym wynikiem
Percentyl według liczby udzielonych odpowiedzi
Twoja historia wyników
Nie rozwiązałeś tego quizu od ostatniego zresetowania